Les 5 plus grandes villes d'Australie - Statistiques

Statistiques générales
  • Ce quiz a été pris 224 fois
  • Le résultat moyen est 4 sur 5
Statistiques - réponses
Population Ville % Correct
5,045 M Sydney
97%
4,812 M Melbourne
91%
2,024 M Perth
80%
1,389 M Adélaïde
65%
2,379 M Brisbane
65%
Aucun quiz correspondant
Distribution des résultats
% des personnes avec chaque résultat
Percentile par nombre de réponses
Votre historique - résultats
Vous n’avez pas pris ce quiz